000 00742cad a22002055a 4500
001 L151147
008 120312e20120208xxk f 000 0 eng d
035 _a(Sirsi) u151147
041 0 _aeng
110 2 _aConstruction Products Association
_94104
245 0 0 _aConstruction Products Association
_bnews and media
_bpress releases
_h[electronic resource]
260 _c2012
490 _aConstruction Products Association News and Media Press Releases
520 _aLatest press releases from the CPA.
590 _aKA
651 4 _aUnited Kingdom
_y
690 _aConstruction management
_96230
856 4 0 _uhttps://www.constructionproducts.org.uk/news/
_zView the website free of charge at www.constructionproducts.org.uk
942 _n0
999 _c111194
_d111194